NATO enlargement illusions and reality

Salvato in:
Dettagli Bibliografici
Altri autori: Carpenter, Ted Galen, Conry, Barbara
Natura: Libro
Lingua:inglese
Pubblicazione: Washington Cato Institute 1998
Soggetti:
Tags: Aggiungi Tag
Nessun Tag, puoi essere il primo ad aggiungerne!!

MARC

LEADER 00000nam a2200000 4500
001 c116080
005 20221109071207.2
020 |a 1-882577-59-0 
041 0 |a eng 
044 |a US 
245 1 0 |a NATO enlargement  |b illusions and reality  |c Edited by Ted Galen Carpente and Barbara Conry 
264 1 |a Washington  |b Cato Institute  |c 1998 
300 |a 283 s. 
610 2 0 |a politika zahraničná 
610 2 0 |a vojenstvo 
610 2 0 |a zoskupenia integračné medzinárodné 
610 2 0 |a vojny 
610 2 0 |a konflikty medzinárodné 
610 2 0 |a vzťahy politické medzinárodné 
610 2 0 |a bezpečnosť európska 
610 2 0 |a ochrana práv občanov 
700 1 |a Carpenter, Ted Galen 
700 1 |a Conry, Barbara